000 00671nam a2200217 i 4500
001 bgj
100 1 _aPROMIES, Wolfgang.
245 1 0 _aDie Bürger und der Narr oder das Risiko der Phantasie :
_bsechs Kapitel über das Irrationale in der Literatur des Rationalismus /
_cWolfgang Promies.
260 _aMünchen :
_bCarl Hanser,
_cc. 1966.
300 _a271 s. ;
_c21 cm.
490 1 _aLiteratur als Kunst
504 _aBibliogr. s. [343]-357. Indeks.
650 9 _aLiteratura niemiecka
830 _aLiteratur als Kunst
040 _cBPK
041 0 _ager
044 _aDEU
080 _a821.112.2
942 _cKS
008 s gw f |000 0 ger
999 _c50964
_d50964
856 _uhttp://koha.tu.koszalin.pl/cgi-bin/koha/opac-detail.pl?biblionumber=50964
_yKatalog online BPK